|
|
|
|
| LEADER |
00000nab a2200000 a 4500 |
| 001 |
vtls000046138 |
| 005 |
20260413131558.0 |
| 008 |
250422c1979 xo 0 slo |
| 015 |
|
|
|a SNBRB19rr/mm-uuuuu
|
| 035 |
|
|
|a CL0056233
|
| 035 |
|
|
|a urn:nbn:sk:snk-ab16t
|
| 035 |
|
|
|a (urnnbn)urn:nbn:sk:snk:ar-a03b6u
|
| 035 |
|
|
|a (uuid)d8dc64f7-aa8b-48b3-a429-6ff487b4b316
|
| 040 |
|
|
|a SNKBUCL
|b slo
|c SNKBUCL
|e AACR2
|
| 041 |
0 |
|
|a slo
|
| 044 |
|
|
|a xo
|c SK
|
| 080 |
|
|
|a 618.2/.7
|2 1981
|
| 080 |
|
|
|a 576
|2 1981
|
| 100 |
1 |
|
|a Babala, Jozef,
|d 1930-1993
|4 aut
|9 159404
|
| 245 |
1 |
0 |
|a Zmeny v placente pri listerióze
|c Jozef Babala, Kamila Elischerová, Ján Augustín
|
| 300 |
|
|
|b Obr. 6. Res. rus., angl., nem.
|
| 650 |
0 |
7 |
|a listerióza
|2 snkbucl
|9 13994
|
| 655 |
|
7 |
|a články z novín a časopisov
|2 snkbucl
|9 267496
|
| 700 |
1 |
|
|a Elischerová, Kamila
|4 aut
|9 740214
|
| 700 |
1 |
|
|a Augustín, Ján,
|d 1922-1983
|4 aut
|9 189952
|
| 773 |
0 |
|
|t Bratislavské lekárske listy
|g Roč. 72, č. 4 (1979), s. 499-507
|
| 852 |
|
|
|a Slovenská národná knižnica
|
| 954 |
|
|
|a odborná, vedecká literatúra pôvodná (slovenská)
|2 lita
|
| 958 |
|
|
|a article27
|
| 958 |
|
|
|a RK
|
| 958 |
|
|
|a OND
|
| 958 |
|
|
|a EUIPO
|
| 999 |
|
|
|c 2778713
|d 2780643
|